000
00281nam a22001337a 4500
008
170529b xxu||||| |||| 00| 0 eng d
020
_a
0903608839
041
_a
eng
080
_2
_a
007.52
100
_a
27
101
_a
IM
245
_a
ROBOTICS
_c
GOMERSALL,A
942
_2
udc
_c
BK
999
_c
14837
_d
14837